000 00645cam a2200229 a 4500
005 20160202060149.0
008 150331b xxu||||| |||| 00| 0 eng d
020 _a9780071738897 (alk. paper)
020 _a0071738894 (alk. paper)
041 0 _aeng
080 _a339.162.4
100 1 _aChase, Landy.
245 1 0 _aCompetitive selling :
_cLandy Chase.
250 _a1st ed.
260 _aNew York :
_bMcGraw-Hill,
_c2010.
300 _a262 f. :
_bme il. ;
_c24 cm.
505 _aIndex: f.257-262
650 0 _aShitja
650 0 _aÇmimet
650 0 _aKonkurenca
942 _2udc
_cBK
999 _c648
_d648